Pays de l'ONU qui reconnaissent l'Etat de Taiwan - Statistiques

Statistiques générales
  • Ce quiz a été pris 15 fois
  • Le résultat moyen est 3 sur 9
Statistiques - réponses
Réponse % Correct
Nauru
67%
Palaos
53%
Îles Marshall
40%
Haïti
27%
Belize
20%
Guatemala
20%
Saint-Christophe-et-Niévès
20%
Sainte-Lucie
20%
Saint-Vincent-et-les-Grenadines
20%
Aucun quiz correspondant
Distribution des résultats
% des personnes avec chaque résultat
Percentile par nombre de réponses
Votre historique - résultats
Vous n’avez pas pris ce quiz